000 00507nam a2200181Ia 4500
999 _c16619
_d16619
003 OSt
005 20200606115948.0
008 190216s9999||||xx |||||||||||||| ||und||
020 _a9788190569927
040 _cMESKC library
082 _a954
_bDEV/V
100 _aDevi, Savitri
_9193
245 0 _aVishva Ki Mahan Mahilayem /
_cSavitiri Devi
260 _bNoida Book Publishing,
_c2010.
_aNoida :
300 _a183p
650 _aHindi
942 _cBK
_2ddc
_h954
_iDEV/V
_k954
_mDEV/V